000 01417nam a2200313Ia 4500
003 OSt
005 20211108172603.0
008 191128t1991 sp ad fr 000 0 spa d
020 _a8476156839
040 _aCO-JMCR
_cCO-JMCR
041 1 _aspa
_heng
082 0 4 _a339 /
_bD713m1
_223
100 1 _aDornbusch, Rudiger,
_eautor
_96785
245 1 0 _aMacroeconomía /
_cRudiger Dornbusch y Stanley Fischer ; traducción, Jimena Garcia-Pardo y Alonso Ojeda ; revisión técnica, Jose Antonio Garcia-Duran, Luis Toharia
250 _aQuinta edición
260 _aMadrid :
_bMcGraw-Hill,
_c©1991
300 _axv, 974 páginas :
_bilustraciones y gráficas a blanco y negro ;
_c24 cm.
500 _aIncluye notas a pie de página.
505 0 _aLa contabilidad nacional -- la renta y el gasto -- El dinero, el interés y la renta -- La política fiscal, el efecto del desplazamiento y la convinación de politicas económicas -- Las relaciones internacionales -- La oferta y la demanda agregadas
650 1 4 _aMacroeconomía
_xfundamentos
_97841
650 2 4 _aPolítica monetaria
_97842
650 2 4 _aCrecimiento económico
_93636
700 1 _aFischer, Stanley,
_eautor
_97832
700 1 _aGarcia-Pardo, Jimena,
_etraductora
_97843
700 1 _aOjeda, Alonso,
_etraductor
_97844
700 1 _aGarcia-Duran, Jose Antonio,
_erevisor
_941443
700 1 _aToharia, Luis,
_drevisor
_941444
942 _2ddc
_cBK
999 _c4368
_d4368